Vetilio Alfau Durán en Clío / (Registro nro. 13473)

Detalles MARC
000 -LIDER
fixed length control field 01831nam a2200361 a 4500
001 - NÚMERO DE CONTROL
Identificador de número de control
003 - IDENTIFICACDOR DE NÚMERO DE CONTROL
control field DO-SdBNP
005 - DATE AND TIME OF LATEST TRANSACTION
control field 20210923123547.0
007 - CAMPOS FIJOS DE DESCRIPCIÓN FÍSICA
fixed length control field
008 - ELEMENTOS DE LONGITUD FIJA
fixed length control field 090717s1994 dr a 000 0 spa d
040 ## - FUENTE DE CATALOGACIÓN
Agencia que crea de manera original el registro BPMSU
Idioma de catalogación spa
Agencia que realiza la transcripción BPMSU
082 #4 - NÚMERO DE CLASIFICACIÓN DECIMAL DE DEWEY
Classification number RD868.44
Item number A385V 1994
Edition number 22
100 1# - ASIENTO PRINCIPAL -- NOMBRE PERSONAL
Nombre personal Aufau Durán, Vetilio ,
Fechas asociadas con el nombre 1905-1985
245 10 - MENCIÓN DE TITULO
Título Vetilio Alfau Durán en Clío /
Mención de responsabilidad compiladores, Arístides Incháustegui, Blanca Delgado Malagón.
Subtítulo
260 ## - PUBLICACIÓN, DISTRIBUCIÓN, ETC. (PIE DE IMPRENTA)
Lugar de publicación, distribución, etc Santo Domingo :
Nombre del editor, distribuidor, etc. Comisión Oficial para la Celebración del Sesquicentenario de la Independencia Nacional,
Fecha de publicación, distribución, etc 1994
300 ## - DESCRIPCIÓN FÍSICA
Extensión v.;
Dimensiones 23 cm.
Otros detalles físicos
490 0# - MENCIÓN DE SERIES
Mención de serie Sesquicentenario de la Independencia Nacional,
Volume/sequential designation 3
500 ## - NOTA GENERAL
Nota general Incluye índice onomástico.
500 ## - NOTA GENERAL
Nota general Incluye referencias bibliográficas y notas al pie de las páginas.
504 ## - NOTA DE BIBLIOGRAFÍA, ETC.
Bibliography, etc Bibliografía : p. 570-682
505 0# - NOTA DE CONTENIDO
Texto normalizado de contenido v.2 : La esclavitud en Santo Domingo -- Cronología de gobernantes de la República Dominicana -- Apuntes para la historia constitucional dominicana -- Intervencionismo en Santo Domingo -- Rectificaciones -- Extranjeros y Santo Domingo -- Discursos en la Academia Dominicana de la Historia -- Académicas y misceláneas -- Índice general de Clío (1933-1964)/Vetilio Alfao Durán -- Comentarios acerca de Vetilio Alfau Durán publicados en Clío.
590 ## - NOTA LOCAL
Enlace Inventariado, 2021/VM
600 14 - ENCABEZAMIENTO DE MATERIA--NOMBRE PERSONAL
Nombre personal Alfau Durán, Vetilio
Fechas asociadas con el nombre 1905-1985
Subdivisión de forma Colecciones de escritos
600 14 - ENCABEZAMIENTO DE MATERIA--NOMBRE PERSONAL
Nombre personal Duarte , Juan Pablo
Fechas asociadas con el nombre 1813-1876
651 #4 - ENCABEZAMIENTO DE MATERIA--NOMBRE GEOGRÁFICO
Nombre geográfico República Dominicana
Subdivisión temática general Historia
Subdivisión cronológica
651 #4 - ENCABEZAMIENTO DE MATERIA--NOMBRE GEOGRÁFICO
Nombre geográfico República Dominicana
Subdivisión temática general Bibliografías
700 1# - ASIENTO SECUNDARIO -- NOMBRE PERSONAL
Nombre personal Incháustegui, Arístides,
Fechas asociadas con el nombre 1938-
Mención de responsabilidad comp.
700 1# - ASIENTO SECUNDARIO -- NOMBRE PERSONAL
Nombre personal Delgado Malagón, Blanca,
Mención de responsabilidad comp.
730 02 - ADDED ENTRY--UNIFORM TITLE
Uniform title Clío (República Dominicana)
730 2# - ADDED ENTRY--UNIFORM TITLE
Uniform title Listín Diario (República Dominicana)
910 ## - VALIDACIÓN
Validación VMateo V.
942 ## - ADDED ENTRY ELEMENTS (KOHA)
Source of classification or shelving scheme Dewey Decimal Classification
Koha item type Libros
Existencias
Withdrawn status Lost status Source of classification or shelving scheme Damaged status Not for loan Collection code Home library Current library Date acquired Source of acquisition Total Checkouts Full call number Barcode Date last seen Copy number Price effective from Koha item type
    Dewey Decimal Classification     Colección Dominicana Biblioteca Pública Metropolitana Salomé Ureña Biblioteca Pública Metropolitana Salomé Ureña 05/11/2021 Reyes Duluc   BPMSU CD 972.93 A385V 1994 BPMSU21050027 05/11/2021 v.2 05/11/2021 Libros
    Dewey Decimal Classification     Colección Dominicana Biblioteca Pública Metropolitana Salomé Ureña Biblioteca Pública Metropolitana Salomé Ureña 05/11/2021 Reyes Duluc   BPMSU CD 972.93 A385V 1994 BPMSU21050028 05/11/2021 v.1 05/11/2021 Libros
    Dewey Decimal Classification     Colección Dominicana Biblioteca Pública Metropolitana Salomé Ureña Biblioteca Pública Metropolitana Salomé Ureña 05/11/2021 Reyes Duluc   BPMSU CD 972.93 A385V 1994 BPMSU21090080 09/23/2021 v.1, 2 05/11/2021 Libros
    Dewey Decimal Classification     Colección Dominicana Biblioteca Pública Metropolitana Salomé Ureña Biblioteca Pública Metropolitana Salomé Ureña 05/11/2021 Reyes Duluc   BPMSU CD 972.93 A385V 1994 BPMSU24080011 08/07/2024 v.2, e.2 05/11/2021 Libros
    Dewey Decimal Classification     Colección Dominicana Biblioteca Pública Metropolitana Salomé Ureña Biblioteca Pública Metropolitana Salomé Ureña 05/11/2021 Reyes Duluc   BPMSU CD 972.93 A385V 1994 BPMSU24080012 08/07/2024 v.1, e.3 05/11/2021 Libros